Normal view
MARC view
- Bevins, Pegi.
Entry Personal Name
001 - CONTROL NUMBER
- control field: 13724
003 - CONTROL NUMBER IDENTIFIER
- control field: NUST
005 - DATE AND TIME OF LATEST TRANSACTION
- control field: 20190225101826.0
008 - FIXED-LENGTH DATA ELEMENTS
- fixed length control field: 190225|| aca||aabn | a|a d
040 ## - CATALOGING SOURCE
- Original cataloging agency: NUST
- Transcribing agency: NUST
100 ## - HEADING--PERSONAL NAME
- Personal name: Bevins, Pegi.
670 ## - SOURCE DATA FOUND
- Source citation: Work cat.: (NUST)174629: Bevins, Pegi., Sherlock Holmes :, c2003.
